| 000 | 01135nam a22003257a 4500 | ||
|---|---|---|---|
| 003 | CHAP | ||
| 005 | 20220817043320.0 | ||
| 008 | 971013s1988 r 00010 d | ||
| 010 | _a71606 | ||
| 011 | _a72578 | ||
| 035 | _a82134 | ||
| 040 | _cCHAP | ||
| 090 | _aTesis | ||
| 100 | 0 | 0 |
_aQuijano Carranza, Juan Angel. _993303 |
| 245 | _aPropuesta de un método en el estudio de la interacción genotipo ambiente en Phaseolus spp. | ||
| 260 |
_aMarín, N. L. : _bEl autor, _c1988 |
||
| 300 |
_a126 h. _b; gráfs. |
||
| 502 | _aTesis (M. C. Esp. en Producción Agrícola) -- Universidad Autónoma de Nuevo León. Facultad de Agronomía | ||
| 590 |
_aALEPH _b10 _c20130110 _lUCH01 _h1412 |
||
| 590 |
_aBATCH-UPD _b10 _c20130110 _lUCH01 _h0221 |
||
| 590 |
_aBATCH-UPD _b10 _c20130110 _lUCH01 _h0832 |
||
| 590 |
_aBATCH-UPD _b10 _c20130410 _lUCH01 _h1116 |
||
| 590 |
_aBATCH-UPD _b10 _c20130914 _lUCH01 _h1442 |
||
| 590 |
_aCONVERSION _b10 _c20130109 _lUCH01 _h1339 |
||
| 650 | 1 | 4 |
_aFrijol _xEfecto del medio ambiente. _943365 |
| 650 | 1 | 4 |
_aFrijol _xGenética. |
| 901 | _aBK | ||
| 942 | _cTESIS | ||
| 949 |
_bBC _cTES _d-98535 _eTS1 _h21259 _i82134 _si |
||
| 999 |
_c71606 _d71606 |
||